00832cam a22002531 4500001001300000003000400013005001700017008004100034010001700075035001900092040001900111042001200130050002200142100003400164245012700198260002300325300002400348490004400372650003500416650004400451650003800495740002800533999001700561gs 64000334 DLC20260227111415.0770816s1962 xx 000 0 eng  ags 64000334  a(OCoLC)3190605 aDLCcTxEUdDLC apremarc00aQE75b.C5 no. 4751 aBrokaw, Arnold Leslie,d1911-10aMineralization associated with a magnetic anomaly in part of the Ely quadrangle, Nevada,cby Arnold L. Brokaw [and others] aWashington,c1962. a7 p.bmaps.c27 cm.0 aU. S. Geological Survey. Circular 475 0aPetrologyzNevadazEgan Range. 0aMagnetic anomalieszNevadazEgan Range. 0aOre depositszNevadazEgan Range.0 aEly quadrangle, Nevada. c29903d29903